[Event "Erkel Memorial op"]
[Site "Gyula"]
[Date "1999.11.04"]
[Round "1"]
[White "Gal, Karoly"]
[Black "Sikula, Vaszilij"]
[Result "0-1"]
[WhiteElo "2095"]
[BlackElo "2292"]
[PlyCount "50"]
[EventDate "1999.11.??"]
[EventType "swiss"]
[EventRounds "9"]
[EventCountry "HUN"]
[SourceTitle "EXT 2004"]
[Source "ChessBase"]
[SourceDate "2003.11.25"]
[SourceVersion "1"]
[SourceVersionDate "2003.11.25"]
[SourceQuality "1"]

1. c4 g6 2. Nc3 Bg7 3. d4 c5 4. Nf3 cxd4 5. Nxd4 Nc6 6. e3 Nf6 7. Be2 0-0 8. 0-0 d6 9. b3 Bd7 10. Bf3 Qa5 11. Bb2 Rfc8 12. Nxc6 Bxc6 13. Bxc6 Rxc6 14. Qf3 Nd7 15. Na4 Ne5 16. Bxe5 Bxe5 17. Rad1 a6 18. Rd5 Qb4 19. h4 Rac8 20. h5 b5 21. Rxe5 dxe5 22. hxg6 hxg6 23. Nb2 Qd2 24. Nd1 bxc4 25. bxc4 Rxc4 0-1

[Event "HUN-chT2"]
[Site "Hungary"]
[Date "1997.??.??"]
[Round "6"]
[White "Gal, Karoly"]
[Black "Comp Genius 4"]
[Result "1-0"]
[WhiteElo "2195"]
[BlackElo "2155"]
[PlyCount "77"]
[EventDate "1997.??.??"]
[EventType "team-swiss"]
[EventRounds "13"]
[EventCountry "HUN"]
[SourceTitle "EXT 2006"]
[Source "ChessBase"]
[SourceDate "2005.11.24"]
[SourceVersion "1"]
[SourceVersionDate "2005.11.24"]
[SourceQuality "1"]

1. c4 c5 2. Nf3 Nf6 3. g3 g6 4. Bg2 Bg7 5. 0-0 d5 6. cxd5 Nxd5 7. Nc3 0-0 8. Qb3 Nb4 9. a3 Be6 10. Qd1 N4c6 11. Ng5 Bd7 12. d3 Qc8 13. Be3 Nd4 14. Rc1 Nbc6 15. Nf3 Bh3 16. Bxd4 cxd4 17. Ne4 Bxg2 18. Kxg2 Qe6 19. Rc2 Rac8 20. b4 a6 21. Nc5 Qd5 22. Qc1 Ne5 23. Ne4 Rxc2 24. Qxc2 Nxf3 25. exf3 a5 26. Qc5 Qxc5 27. Nxc5 axb4 28. axb4 Rc8 29. Ra1 Be5 30. Rb1 Rc7 31. f4 Bg7 32. Kf3 b6 33. Na4 Rc6 34. b5 Rc2 35. Nxb6 Rc3 36. Ke2 Rc2+ 37. Ke1 Rc3 38. Nd5 Rxd3 39. b6 1-0

[Event "HUN-chT2"]
[Site "Hungary"]
[Date "1997.??.??"]
[Round "9"]
[White "Gal, Karoly"]
[Black "Molnar, Janos"]
[Result "0-1"]
[WhiteElo "2195"]
[BlackElo "2165"]
[PlyCount "92"]
[EventDate "1997.??.??"]
[EventType "team-swiss"]
[EventRounds "13"]
[EventCountry "HUN"]
[SourceTitle "EXT 2006"]
[Source "ChessBase"]
[SourceDate "2005.11.24"]
[SourceVersion "1"]
[SourceVersionDate "2005.11.24"]
[SourceQuality "1"]

1. c4 e5 2. Nc3 Nf6 3. Nf3 Nc6 4. g3 d5 5. cxd5 Nxd5 6. Bg2 Nb6 7. d3 Be7 8. 0-0 g5 9. b3 h5 10. Bb2 g4 11. Nd2 h4 12. Nc4 hxg3 13. hxg3 Be6 14. Nb5 f6 15. Qd2 a6 16. Nxb6 cxb6 17. Na3 b5 18. Rac1 Bd5 19. e4 Be6 20. Nc2 Bf8 21. Qe2 Bc5 22. Rfd1 Nd4 23. Bxd4 Bxd4 24. Ne3 Qd7 25. Nf5 Bxf5 26. exf5 Qxf5 27. Bxb7 Rd8 28. Be4 Qh5 29. Qc2 Qh3 30. Qc6+ Ke7 31. Rc2 Qxg3+ 32. Bg2 Qf4 33. Qxa6 Rd7 34. Qc6 g3 35. Rdd2 gxf2+ 36. Rxf2 Rh6 37. Kf1 Bxf2 38. Rxf2 Qe3 39. Rf3 Qd4 40. Qc1 Rg6 41. Qd2 Rc7 42. Rh3 Kd6 43. Rh8 f5 44. Bh3 Ke6 45. Rh5 Qg1+ 46. Ke2 Rg2+ 0-1

[Event "HUN-chT2"]
[Site "Hungary"]
[Date "1997.??.??"]
[Round "8"]
[White "Kovacs, Istvan"]
[Black "Gal, Karoly"]
[Result "1/2-1/2"]
[WhiteElo "2220"]
[BlackElo "2195"]
[PlyCount "58"]
[EventDate "1997.??.??"]
[EventType "team-swiss"]
[EventRounds "13"]
[EventCountry "HUN"]
[SourceTitle "EXT 2006"]
[Source "ChessBase"]
[SourceDate "2005.11.24"]
[SourceVersion "1"]
[SourceVersionDate "2005.11.24"]
[SourceQuality "1"]

1. d4 d5 2. Nf3 Nf6 3. g3 e6 4. Bg2 Be7 5. 0-0 0-0 6. c4 c5 7. cxd5 Nxd5 8. Nc3 Nxc3 9. bxc3 Nc6 10. Rb1 Qa5 11. Qb3 Rd8 12. e3 a6 13. Nd2 Qc7 14. Qb6 Qxb6 15. Rxb6 cxd4 16. exd4 Na5 17. Re1 Kf8 18. Re5 Nc6 19. Bxc6 bxc6 20. Rxc6 Rb8 21. Re1 Rb5 22. Nc4 Bb7 23. Rc7 Rc8 24. Rxc8+ Bxc8 25. Bf4 Bb7 26. Nd2 Rb2 27. Rb1 Rxb1+ 28. Nxb1 Bd5 29. a4 Ke8 1/2-1/2

[Event "HUN-chT2 9596"]
[Site "Hungary"]
[Date "1996.??.??"]
[Round "11"]
[White "Gal, Karoly"]
[Black "Horvath, Imre"]
[Result "1/2-1/2"]
[WhiteElo "2215"]
[BlackElo "2355"]
[PlyCount "111"]
[EventDate "1995.??.??"]
[EventType "team"]
[EventRounds "11"]
[EventCountry "HUN"]
[SourceTitle "EXT 2000"]
[Source "ChessBase"]
[SourceDate "1999.11.16"]
[SourceVersion "1"]
[SourceVersionDate "1999.11.16"]
[SourceQuality "1"]

1. c4 c5 2. Nc3 g6 3. Nf3 Bg7 4. g3 Nc6 5. Bg2 e5 6. d3 Nge7 7. 0-0 0-0 8. a3 Rb8 9. Rb1 a5 10. Bd2 h6 11. e4 d6 12. Qc1 Kh7 13. Nb5 Be6 14. Ne1 Qd7 15. Nc2 f5 16. b4 axb4 17. axb4 f4 18. f3 g5 19. g4 h5 20. h3 Ng6 21. Be1 Rf6 22. Nc3 cxb4 23. Nd5 Bxd5 24. cxd5 Nd4 25. Nxd4 exd4 26. Rxb4 Ne5 27. Qd1 Rh6 28. Bf2 hxg4 29. hxg4 Ng6 30. Qb1 Nh4 31. Bxh4 Rxh4 32. Kf2 Kg6 33. Rh1 Rxh1 34. Bxh1 b5 35. Bg2 Bf6 36. Ke2 Qb7 37. Qc1 Qb6 38. Kf2 Qc5 39. Qxc5 dxc5 40. Rb2 Kf7 41. Bf1 Ke7 42. Be2 Kd6 43. Bd1 Bd8 44. Bb3 Bb6 45. Ke2 Rh8 46. Ra2 Rh2+ 47. Ke1 Rh1+ 48. Ke2 c4 49. dxc4 bxc4 50. Bxc4 Kc5 51. Ra4 Rh2+ 52. Ke1 Rh1+ 53. Kd2 Kd6 54. Be2 Rb1 55. Kc2 Re1 56. Kd2 1/2-1/2

[Event "HUN-chT2 9596"]
[Site "Hungary"]
[Date "1996.??.??"]
[Round "8"]
[White "Kadar, Gabor"]
[Black "Gal, Karoly"]
[Result "0-1"]
[WhiteElo "2285"]
[BlackElo "2215"]
[PlyCount "99"]
[EventDate "1995.??.??"]
[EventType "team"]
[EventRounds "11"]
[EventCountry "HUN"]
[SourceTitle "EXT 2000"]
[Source "ChessBase"]
[SourceDate "1999.11.16"]
[SourceVersion "1"]
[SourceVersionDate "1999.11.16"]
[SourceQuality "1"]

1. Nf3 c5 2. g3 Nc6 3. Bg2 Nf6 4. 0-0 g6 5. d4 cxd4 6. Nxd4 Bg7 7. Nxc6 bxc6 8. e4 Bb7 9. e5 Nd5 10. Qe2 0-0 11. c4 Nc7 12. Nc3 Ba6 13. Rd1 d5 14. b3 Qe8 15. Na4 Ne6 16. Bh3 Qb8 17. Bxe6 fxe6 18. Bb2 Rf5 19. Nc5 Bc8 20. Re1 Qb6 21. Na4 Qd8 22. Rad1 Qf8 23. Bd4 Rf3 24. Kg2 Rf5 25. Rc1 Qd8 26. Red1 Qa5 27. Bc3 Qd8 28. f4 g5 29. fxg5 Rxg5 30. Bd4 Qc7 31. Qe3 Rg4 32. Qf3 Re4 33. Nc5 Rxd4 34. Rxd4 Qxe5 35. Rf1 Bf6 36. Rg4+ Kh8 37. Nd3 Qd6 38. c5 Qd8 39. Rf4 Ba6 40. Re1 Bxd3 41. Qxd3 e5 42. Rf5 e4 43. Qe2 Qg8 44. Ref1 a5 45. g4 Qg6 46. Kh1 Bd4 47. Qd2 Bg7 48. Qe2 Rg8 49. h4 Qe6 50. g5 0-1

[Event "Balatonbereny op"]
[Site "Balatonbereny"]
[Date "1995.??.??"]
[Round "2"]
[White "Gal, Karoly"]
[Black "Zila, Laszlo"]
[Result "0-1"]
[WhiteElo "2215"]
[BlackElo "2215"]
[PlyCount "60"]
[EventDate "1995.??.??"]
[EventType "swiss"]
[EventRounds "9"]
[EventCountry "HUN"]
[SourceTitle "CBM 049 Extra"]
[Source "ChessBase"]
[SourceDate "1996.01.01"]
[SourceVersion "1"]
[SourceVersionDate "1996.01.01"]
[SourceQuality "1"]

1. e4 c5 2. Nc3 Nc6 3. Nf3 e6 4. d3 d5 5. exd5 exd5 6. Be2 Nf6 7. 0-0 Be7 8. h3 0-0 9. Nb1 h6 10. c4 d4 11. Nbd2 Bf5 12. Nb3 Bd6 13. Nh4 Bh7 14. Re1 Re8 15. Bd2 Ne5 16. Nf3 Rc8 17. Nxe5 Bxe5 18. Ba5 b6 19. Bd2 Bb8 20. Bg4 Qd6 21. g3 Rxe1+ 22. Qxe1 Re8 23. Qb1 Nxg4 24. hxg4 Qg6 25. Bf4 Bxf4 26. gxf4 Qxg4+ 27. Kh2 Qxf4+ 28. Kg2 Qg4+ 29. Kh2 Re5 30. Qg1 Rh5# 0-1

[Event "Harkany Tenkes Cup"]
[Site "Harkany"]
[Date "1995.??.??"]
[Round "1"]
[White "Zemerov, Vladimir"]
[Black "Gal, Karoly"]
[Result "1-0"]
[WhiteElo "2420"]
[BlackElo "2215"]
[PlyCount "151"]
[EventDate "1995.11.??"]
[EventType "swiss"]
[EventRounds "9"]
[EventCountry "HUN"]
[SourceTitle "EXT 1999"]
[Source "ChessBase"]
[SourceDate "1998.11.16"]
[SourceVersion "1"]
[SourceVersionDate "1998.11.16"]
[SourceQuality "1"]

1. Nf3 c5 2. e4 Nc6 3. Nc3 d6 4. Bb5 Bd7 5. Bxc6 Bxc6 6. d4 cxd4 7. Qxd4 Nf6 8. Bg5 Qb6 9. Qxb6 axb6 10. Bxf6 gxf6 11. 0-0 Bh6 12. Nd5 Bxd5 13. exd5 Kd7 14. Rfd1 Rhc8 15. c3 Ra4 16. a3 Re4 17. Kf1 Rc5 18. Rd3 e5 19. g3 Bg5 20. Rad1 Ra4 21. Ne1 Rac4 22. h4 Bh6 23. Rf3 Ke7 24. Nc2 Re4 25. Rf5 Rg4 26. Rh5 Rg6 27. Kg2 Kf8 28. Kh3 Rc4 29. Re1 Kg7 30. f3 Bd2 31. Re2 Bc1 32. Nb4 Rh6 33. Rxh6 Bxh6 34. Re4 Rc5 35. Kg4 Kf8 36. Kf5 Ke7 37. a4 Bd2 38. Re2 Bh6 39. Ke4 Rc4+ 40. Kd3 Rc5 41. c4 f5 42. g4 Bf4 43. gxf5 Kf6 44. Rg2 Rc7 45. Rg8 Kxf5 46. b3 h6 47. Nc2 Re7 48. Rd8 e4+ 49. fxe4+ Kg4 50. Nd4 h5 51. Rg8+ Kh3 52. Nf5 Rd7 53. Ke2 f6 54. Kf3 Be5 55. Rg1 Kh2 56. Rg2+ Kh3 57. Rg8 Rh7 58. Rc8 Bh2 59. b4 Be5 60. c5 bxc5 61. bxc5 dxc5 62. Rxc5 Rd7 63. Rc1 Kh2 64. d6 Rd8 65. Rd1 Rd7 66. Rd2+ Kh3 67. Rd3 Kh2 68. Rd1 b6 69. Rd5 Kh3 70. Rd2 Bc3 71. Rd1 Be5 72. Rb1 Ra7 73. Rh1+ Bh2 74. Ne3 Rxa4 75. d7 Ra8 76. Nf1 1-0